000 00456nam a2200181Ia 4500
008 151202s9999||||xx |||||||||||||| ||und||
082 _bPNVM-15923
100 _aLUBBOCK JOHN.
245 _a"ANTS, BEES AND WASPS."
260 _b"KEGAN PAUL TRENCH, LONDON."
260 _c0
300 _a108
600 _aLUBBOCK JOHN.
630 _a"ANTS, BEES AND WASPS."
700 _aLUBBOCK JOHN.
730 _a"ANTS, BEES AND WASPS."
942 _cBOOK
999 _c1281908
_d1281905